000 01372nac a22003737a 4500
001 BR7000554
003 BR-BrBNA
005 20240105113358.0
008 230509b bl.|||m| |||| 00| 0 por d
040 _aBR-BrBNA
_bpor
_cBiblioteca Nacional de Agricultura
072 _aE50; E15
090 _aE50 BR7000554
100 1 _aSchneider, J.E.
110 1 _aUniversidade Federal do Rio Grande do Sul, Porto Alegre (Brasil). Inst. de Estudos e Pesquisas Economicas
245 1 _aA influencia de fatores socio-culturais na inovabilidade e eficiencia dos agricultores - Estrela e Frederico Westphalen [Pesquisa social; Economia agricola; Produtividade; Rio Grande do Sul; Brasil]
260 3 _aPorto Alegre, RS (Brasil):
_c1970.
300 _a130 p.
490 _aTese de Conclusao dos Cursos de Pos-Graduacao em Economia Rural e Sociologia Rural (Brazil)
_vno. 11
_x
500 _a44 tables; 47 ref.; Summary (Pt)
502 _aTese (Pos-Graduacao)
650 _aSociologia rural
650 _aMicroeconomia
650 _aDesenvolvimento social
650 _aPesquisa social
650 _aAgricultor
650 _aEconomia agricola
650 _aProdutividade
650 _aRenda
650 _aEstrela
650 _aFrederico Westphalen
650 _aRio Grande do Sul
909 _a202312
_bLúcia Elande
_c55
_dLúcia Elande
942 _2AGRIS
_n0
_cMS
999 _c263396
_d263396